NBA Quiz - 2021-22 NBA Playoff's Starting Lineups - Statistics

General Stats
  • This quiz has been taken 377 times
  • The average score is 71 of 96
Answer Stats
Answer % Correct
Devin Booker
99%
Chris Paul
98%
Ja Morant
98%
Luka Doncic
96%
Stephen Curry
96%
Klay Thompson
95%
Seth Curry
95%
Deandre Ayton
94%
Draymond Green
94%
Jayson Tatum
94%
Jimmy Butler
94%
Danny Green
93%
Giannis Antetokounmpo
93%
Jeff Green
93%
Bruce Brown
92%
Jaylen Brown
92%
Donovan Mitchell
91%
Joel Embiid
91%
Karl-Anthony Towns
91%
Kevin Durant
91%
Kyle Lowry
91%
Patrick Williams
91%
Rudy Gobert
91%
Trae Young
91%
Grant Williams
90%
Kyrie Irving
90%
Nikola Jokic
90%
Bam Adebayo
89%
Jrue Holiday
89%
Khris Middleton
89%
Andrew Wiggins
88%
James Harden
88%
Jordan Poole
88%
Marcus Smart
88%
Zach LaVine
88%
DeMar DeRozan
87%
Jaren Jackson Jr.
87%
Mikal Bridges
87%
Brook Lopez
86%
Al Horford
85%
Anthony Edwards
85%
Brandon Ingram
85%
Desmond Bane
85%
Pascal Siakam
85%
Fred VanVleet
84%
Kevon Looney
84%
Tyler Herro
84%
Tyrese Maxey
84%
Mike Conley
82%
Nikola Vucevic
81%
Jae Crowder
79%
Tobias Harris
79%
John Collins
78%
Jonas Valanciunas
78%
D'Angelo Russell
77%
Dillon Brooks
77%
Jalen Brunson
76%
Bojan Bogdanovic
73%
CJ McCollum
72%
Dorian Finney-Smith
72%
P.J. Tucker
72%
Cameron Johnson
71%
Grayson Allen
71%
Brandon Clarke
68%
Scottie Barnes
68%
Dwight Powell
67%
De'Andre Hunter
66%
Alex Caruso
64%
Coby White
63%
OG Anunoby
63%
Herbert Jones
62%
Kevin Huerter
62%
Nic Claxton
62%
Patrick Beverley
62%
Spencer Dinwiddie
62%
Aaron Gordon
61%
Gary Trent Jr.
59%
Max Strus
59%
Jordan Clarkson
57%
Andre Drummond
54%
Jarred Vanderbilt
53%
Monte Morris
53%
Will Barton
52%
Royce O'Neale
49%
Reggie Bullock
43%
Wesley Matthews
40%
Xavier Tillman Sr.
39%
Daniel Theis
37%
Danilo Gallinari
35%
Malik Beasley
33%
Jaxson Hayes
28%
Precious Achiuwa
27%
Austin Rivers
21%
Georges Niang
20%
Larry Nance Jr.
20%
Delon Wright
16%
No matching quizzes found
Score Distribution
Percent of People with Each Score
Percentile by Number Answered
Your Score History
You have not taken this quiz